000 00638nam a2200205 a 4500
999 _c3096
_d3096
001 3096
003 BD-JhCC
005 20171109195847.0
008 171109s bg ||||| |||| 000 0 ben d
035 _a(BD-JhCC)
040 _aBD-JhCC
_dBD-JhCC
041 _aben
082 _a891.442
_bROY
100 _aরায়, দ্বিজেন্দ্রলাল
245 _aশাজাহান /
_cদ্বিজেন্দ্রলাল রায়
260 _aবগুড়া :
_bসাহিত্য কুটির ;
300 _a১৫০ পৃ.;
_c২২ সেমি
650 _aBengali Drama
942 _2ddc
_cBK